Statistics for Madden NFL 18 Highest-Rated by Number

Click here to take the quiz!

General Stats

  • This quiz has been taken 194 times
  • The average score is 17 of 99

Answer Stats

NumberPlayer% Correct
12Tom Brady
94%
1Cam Newton
69%
3Russel Wilson
61%
84Antonio Brown
60%
45Deion Jones
60%
11Julio Jones
60%
20Reshad Jones
60%
2Matt Ryan
56%
87Rob Gronkowski
55%
99Aaron Donald
53%
9Drew Brees
53%
22Harrison Smith
47%
77Tyron Smith
47%
13Odell Beckham
44%
56Derrick Johnson
43%
65Lane Johnson
43%
29Earl Thomas
40%
26Le'Veon Bell
36%
51Alex Mack
33%
52Khalil Mack
33%
58Von Miller
31%
4Derek Carr
29%
62Jason Kelce
29%
6Johnny Hekker
29%
30Todd Gurley
25%
70Zack Martin
25%
18AJ Green
19%
54Bobby Wagner
19%
33Jamal Adams
19%
8Kirk Cousins
19%
25Chris Harris
18%
59Luke Kuechly
18%
93Ndamukong Suh
18%
31Kam Chancellor
16%
55Brandon Graham
14%
88Jimmy Graham
14%
95Kyle Williams
14%
92Leonard Williams
14%
71Trent Williams
14%
16Tyrell Williams
14%
14Jarvis Landry
13%
89Amari Cooper
12%
21Aqib Talib
12%
10Emmanuel Sanders
12%
91Fletcher Cox
12%
72Travis Frederick
10%
23Darius Slay
9%
50Justin Houston
9%
94Cameron Jordan
8%
73Marshal Yanda
8%
79Brandon Brooks
7%
86Jordan Reed
7%
28Melvin Gordon
7%
17Alshon Jeffery
6%
82Delanie Walker
6%
97Geno Atkins
6%
15Golden Tate
6%
35Jason McCourty
6%
24Josh Norman
6%
27Malcolm Jenkins
6%
85Tyler Eifert
6%
5Dan Bailey
5%
69David Bakhtiari
5%
66David DeCastro
5%
7Marquette King
5%
80Martellus Bennett
5%
61Rodney Hudson
5%
57CJ Mosley
4%
53NaVorro Bowman
4%
74Joe Staley
3%
38Ron Parker
3%
32Eric Weddle
2%
76Mike Daniels
2%
64Richie Incognito
2%
75Brandon Scherff
1%
98Brian Orakpo
1%
49Daniel Sorenson
1%
43Darren Sproles
1%
41Dominique Rodgers Cromartie
1%
78Jack Conklin
1%
90Jason Pierre Paul
1%
47Kiko Alonso
1%
67Ryan Kalil
1%
34Thomas Rawls
1%
19Bryan Anger
0%
48Bud Dupree
0%
81Cameron Meredith
0%
96Carlos Dunlap
0%
63Corey Linsley
0%
39Danny Woodhead
0%
40Delvin Breaux
0%
36DJ Swearinger
0%
46James Develin
0%
37Jonathon Cyprien
0%
44Kyle Juszczyk
0%
60Max Unger
0%
42Morgan Burnett
0%
68Taylor Decker
0%
83Willie Snead
0%

Score Distribution

Percentile by Number Answered

Percent of People with Each Score

Your Score History

You have not taken this quiz